00514nam a2200133Ia 4500008004100000100002400041245006800065245009700133260005300230260001300283300000800296650001500304856006100319170221s9999 xx 000 0 und d aSvetlana Shlyakhova aPerception of Neighbouring Ethnic Groups in Polyethnic Regions  cSvetlana Shlyakhova, Larisa Belova, Natalya Bolshakova, Olga Shestakova, Lyudmila Yashmanova bInternational Review of Management and Marketing cMay 2013 a2:2 xMarketing. uhttp://www.econjournals.com/index.php/irmm/issue/view/86